000 00612nam a2200181Ia 4500
005 20260429112039.0
008 260429s9999||||xx |||||||||||||| ||und||
020 _a9788119680184
041 _aHindi
082 _a891.43
_bPRA
100 _aप्रताप, वीरेंद्र
245 0 _aआदिवासी कविता का लोकतंत्र /
_cवीरेंद्र प्रताप
250 _a1st ed.
260 _aदिल्ली :
_bएकैडमिक पब्लिकेशन,
_c2024.
300 _a168 p.; Hb
650 _aकविता
942 _cTB
999 _c52074
_d52074